| 000 | 00745nam a2200229 i 4500 | ||
|---|---|---|---|
| 001 | 74592 | ||
| 003 | ES-MaACL | ||
| 005 | 20230906172200.0 | ||
| 007 | t| | ||
| 008 | 040920s1986 fr ||||1| fre d | ||
| 020 | _a2-7116-0913-8 | ||
| 100 | 1 |
_aGoulet-Caze, Marie Odile. _959345 |
|
| 245 | 1 | 2 |
_aL'ascèse cynique _b: un commentaire de Diogène Laërce VI, 70-71 / _cpar Marie-Odile Goulet-Caze. |
| 260 |
_aParís : _bJ. Vrin, _c1986. |
||
| 300 |
_a292 p. ; _c22 cm. |
||
| 490 | 1 |
_aHistoire des doctrines de l'Antiquite classique ; _v10 |
|
| 500 | _aIndices. | ||
| 504 | _aBibliografía. | ||
| 830 | 0 |
_aHistoire des doctrines de l'Antiquite classique ; _v10 _9183452 |
|
| 852 |
_aES-MaACL _jL-11914 _bR.113775 |
||
| 999 |
_c74592 _d74592 |
||